000 00885nam a22002415i 4500
001 167403
003 ES-MaACL
005 20230906213523.0
008 050926s1903 sp | |||||||| ||spa d
040 _aCAM
_bspa
_cCAM
080 _a821.134.2-31"18"
100 1 _aVicetto, Benito.
_9133671
245 1 4 _aLos hidalgos de Monforte
_b: (historia caballeresca del siglo XV) /
_cpor Benito Vicetto ; con un prólogo de Nicolás Fort.
250 _a5ª ed.
260 _aLa Coruña :
_bAndrés Martínez,
_c1903 (
_fTipografía de la Casa de la Misericordia)
300 _a2 v. (463; 453 p.) ;
_c19 cm.
490 1 _aBiblioteca Gallega
598 _aMención de serie tomada de la cub. original.
700 1 _aFort, Nicolás.
_9157822
830 0 _aBiblioteca Gallega
_9180864
852 _aES-MaACL
_jG-9222-23
_z-- Enc. hol., conservando la enc. original
999 _c167403
_d167403